00337nam a2200121Ia 4500008004100000100001700041245004800058245001600106260000900122300003100131440003000162650002300192171207s9999 xx 000 0 und d aEpstein, Ben aMedia and politics in a globalizing world  cBen Epstein c2017 apages 1146-1148, July 2017 aNew Media & Societyv19:7 aMedia and politics